000 00361nam a2200133Ia 4500
008 211109s9999||||xx |||||||||||||| ||und||
082 _a894.8123
_bVIL-T
100 _aVilasini,
245 0 _aThudakkam
260 _bMathrubhumi
_aKozhikode
_c1987
630 _xGENERAL STACK
650 _aMALAYALAM
_vMALAYALM LITERAURE
_xMALAYALAM NOVALMalayalam
942 _cBOOK
999 _c71048
_d71048